000 00515nam a2200181Ia 4500
005 20260429112210.0
008 260429s9999||||xx |||||||||||||| ||und||
020 _a9789387826489
041 _aEnglish
082 _a954.93
_bKNI
100 _aKnighton, William
245 0 _aHistory of Ceylon :
_bfrom the earliest period to the present time /
_cWilliam Knighton
250 _a1st ed.
260 _aChennai :
_bMaven Books,
_c2025.
300 _axii, 399 p.; hb
650 _aSri Lanka-History
942 _cTB
999 _c52854
_d52854